El Clásico XIs 1995-2000 - Statistics

General Stats
  • This quiz has been taken 147 times
  • The average score is 26 of 71
Answer Stats
Answer % Correct
Raúl
84%
Iker Casillas
83%
Luís Figo
81%
Ronaldo
81%
Fernando Hierro
74%
Pep Guardiola
72%
Roberto Carlos
70%
Fernando Morientes
68%
Rivaldo
68%
Guti
64%
Carles Puyol
62%
Luis Enrique
62%
Patrick Kluivert
61%
Míchel Salgado
57%
Hristo Stoichkov
53%
Víctor Sánchez
53%
Fernando Redondo
51%
Clarence Seedorf
50%
Michael Laudrup
49%
Frank de Boer
47%
Ronald de Boer
47%
Manuel Sanchís
46%
Predrag Mijatović
46%
Davor Šuker
45%
Bodo Illgner
43%
Sávio
43%
Phillip Cocu
41%
Miguel Ángel Nadal
40%
Iván Zamorano
39%
Nicolas Anelka
39%
Michael Reiziger
38%
Carlos Busquets
37%
Christian Karembeu
37%
Santiago Cañizares
37%
Christian Panucci
36%
Albert Ferrer
33%
Abelardo
32%
Aitor Karanka
30%
Ruud Hesp
30%
José Mari Bakero
29%
Francisco Buyo
28%
Iván Campo
28%
Sonny Anderson
28%
Boudewijn Zenden
26%
Guillermo Amor
26%
Giovanni
24%
Chendo
23%
Júlio César
23%
Sergi Barjuan
23%
Winston Bogarde
23%
Laurent Blanc
22%
Fernando Couto
21%
José Amavisca
21%
Vítor Baía
21%
Robert Jarni
20%
Quique Sánchez Flores
19%
Iván de la Peña
18%
Luis Milla
18%
Albert Celades
17%
Geremi
17%
Rafael Alkorta
17%
Mikel Lasa
15%
Gheorghe Popescu
14%
Meho Kodro
11%
Secretário
9%
Francesc Arnau
8%
Roger
8%
Mauricio Pellegrino
7%
Óscar
7%
Pedro Contreras
7%
Lluís Carreras
3%
No matching quizzes found
Score Distribution
Percent of People with Each Score
Percentile by Number Answered
Your Score History
You have not taken this quiz